Let your English September : 365 nejčastějších chyb v angličtině /
Jazyková příručka na pomoc s angličtinou shrnuje nejčastější chyby, kterých se dopouštíme při učení i konverzaci.
Uloženo v:
| Hlavní autor: | |
|---|---|
| Další autoři: | |
| Médium: | E-kniha |
| Jazyk: | Czech English |
| Vydáno: |
V Brně :
Jan Melvil Publishing,
2023
|
| Vydání: | Vydání první |
| Edice: | Briquet
|
| Témata: | |
| On-line přístup: | Online verze |
| Tagy: |
Žádné tagy |
| LEADER | 02576nam a2200529 i 4500 | ||
|---|---|---|---|
| 001 | 312071 | ||
| 003 | CZ PrSKC | ||
| 005 | 20260601215716.0 | ||
| 007 | ta | ||
| 008 | 230828s2023 xr a e f 000 0 cze | ||
| 015 | |a cnb003545168 | ||
| 020 | |a 9788075551917 |q (brožováno) | ||
| 035 | |a (OCoLC)1402155518 | ||
| 040 | |a BOA001 |b cze |e rda | ||
| 041 | 0 | |a cze |a eng | |
| 072 | 7 | |a 811.111 |x Angličtina |2 Konspekt | |
| 080 | |a 811.111 |2 MRF | ||
| 080 | |a 81'271.14 |2 MRF | ||
| 080 | |a 81'373.45 |2 MRF | ||
| 080 | |a (035) |2 MRF | ||
| 100 | 1 | |a Sobotka, Bronislav, |d 1981- |7 xx0263976 |4 aut | |
| 245 | 1 | 0 | |a Let your English September : |b 365 nejčastějších chyb v angličtině / |c Bronislav Sobotka ; ilustrace Martina Lagová |
| 250 | |a Vydání první | ||
| 264 | 1 | |a V Brně : |b Jan Melvil Publishing, |c 2023 | |
| 300 | |a 365 stran : |b barevné ilustrace ; |c 16 cm | ||
| 336 | |a text |b txt |2 rdacontent | ||
| 336 | |a statický obraz |b sti |2 rdacontent | ||
| 337 | |a bez média |b n |2 rdamedia | ||
| 338 | |a svazek |b nc |2 rdacarrier | ||
| 490 | 1 | |a Briquet | |
| 520 | 2 | |a Jazyková příručka na pomoc s angličtinou shrnuje nejčastější chyby, kterých se dopouštíme při učení i konverzaci. |b Víte, proč děláme v angličtině všichni podobné chyby? Na vině je náš milovaný mateřský jazyk - do angličtiny nám záludně podsouvá svůj vlastní slovosled, používání jiných časů i zavádějící slovíčka. Skvělá zpráva je, že když si to uvědomíte, můžete svou angličtinu posunout o parník vpřed a konečně přepnout z Czenglish do English! Nakladatelská anotace. Kráceno. | |
| 650 | 0 | 7 | |a angličtina |7 ph114056 |2 czenas |
| 650 | 0 | 7 | |a jazykové chyby |7 ph138312 |2 czenas |
| 650 | 0 | 7 | |a jazyková interference |7 ph121321 |2 czenas |
| 650 | 0 | 9 | |a English language |2 eczenas |
| 650 | 0 | 9 | |a language errors |2 eczenas |
| 650 | 0 | 9 | |a language interference |2 eczenas |
| 655 | 7 | |a příručky |7 fd133209 |2 czenas | |
| 655 | 9 | |a handbooks and manuals |2 eczenas | |
| 700 | 1 | |a Lagová, Martina, |d 1989- |7 xx0265160 |4 ill | |
| 830 | 0 | |a Briquet | |
| 856 | 4 | 1 | |u https://www.bookport.cz/kniha/let-your-english-september-12085/ |y Online verze |4 N |
| 900 | |a ABA001 |b 19 | ||
| 044 | |a xr | ||
| 910 | |a RBIT002 | ||
| 998 | |d 385697 |a https://core.palmknihy.cz/api/books/385697/cover?rzqg74 |b https://core.palmknihy.cz/api/books/385697/cover/400?rzqg74 |c https://core.palmknihy.cz/api/books/385697/cover/50?rzqg74 |e |g 376 |i 9788075551917 |k https://core.palmknihy.cz/api/books/385697/preview.pdf |l |q 49 |r 1 |s https://www.palmknihy.cz/kniha/385697 |t ebook |y 2023 |z 0 | ||
| 999 | |d 312069 | ||